| 000 | 00544nam a2200205Ia 4500 | ||
|---|---|---|---|
| 003 | GCL | ||
| 008 | 140319s9999 xx 000 0 ara d | ||
| 040 |
_aGCL / _cGCL |
||
| 082 | 0 | 4 |
_a891.7 _bب ا |
| 100 | 1 | _aخيرى الضامن | |
| 245 | 1 | 0 |
_aالاشباح / _cخيرى الضامن |
| 700 | 1 | _aبلاتوفن، اندرى | |
| 700 | 1 | _aابوبكر يوسف | |
| 300 | _a265 ص | ||
| 490 | _a | ||
| 650 | 0 | 4 | _aالادب الروسى |
| 650 | 0 | 4 | _aالقصص |
| 650 | 0 | 4 | _aالادب الروسى المترجم |
| 942 |
_2ddc _cBK |
||
| 999 |
_c38330 _d38330 |
||